00838nam a2200217 a 4500008004100000020001500041041000800056100002000064245005500084250003900139260004100178300001100219500010100230653005600331653006200387653004600449653005400495653003100549653002500580653001500605170301s1977 sp ||||f |||| 001 0 spa d a8420620475 aspa1 aHempel, Carl G. aFilosofia de la ciencia natural /cCarl G. Hempel a3a ed.bTraduccion Alfredo Deaño aMadrid:bAlianza Universidad;c1977. a162 p. aHempel, C. G. (1977). Filosofía de la ciencia natural. (3a ed.). Madrid : Alianza Universidad. 3aLa invencion cientifica : invencion y contrastacion 3aLa contrastacion de una hipotesis : su logica y su fuerza aCriterios de confirmacion y aceptibilidad 4aLas leyes y su papel en la explicacion cientifica aFormacion de los conceptos 3aLa reduccion teorica aAntologias